000 00511nam a2200193 a 4500
001 1769940912781
003 YourLibrary
005 20260201163840.0
008 260201s2008##################000#0#eng##
020 _a9780812975413
082 0 4 _a305.26
_bNUL
100 1 _aNuland, Sherwin B.,
_eauthor.
245 1 0 _aThe Art of Aging :
260 _bRandom House Trade Paperbacks,
_c2008.
300 _a338 pages
650 0 _aHealth & Fitness.
942 _cENGLISH
040 _aYourLibrary
_beng
_cYourLibrary
999 _c609778
_d609778